000
00296nam a22001337a 4500
008
170607b xxu||||| |||| 00| 0 eng d
020
_a
9781577663126
041
_a
eng
080
_2
3RD
_a
32
100
_a
18
101
_a
SHP
245
_a
PUBLIC ADMINISTRATION
_c
JOHNSON,W.C
942
_2
udc
_c
BK
999
_c
16207
_d
16207